000 00596nam a22001817a 4500
005 20240624152322.0
010 _aENG-140678
020 _a9789389253818
_c699.00
035 _aEN-124210
037 _bDBAD
082 _a920
100 _aNooyi, Indra K.
_967645
245 _aMy LIfe in Full:
_bWork, Family And Our Future/
_cBy Indra K. Nooyi,
260 _aGurugram
_bHachelle Book Publishing India Pvt Ltd
_c2021
270 _a4th & %th Floor, Corporate Centre, Plot No. 94, Sector 44
_bGurugram
_e122003
300 _axiv,313p.
_c22cm.(Hb)
942 _2ddc
_cEN
_h920
_mNOO
999 _c203657
_d203657